000 01189 a2200241 4500
001 60512
005 20260407155856.0
008 260407a2017 arg spa d
003 AR-UNSa-BCEJYS
040 _aAR-UNSa-BCEJYS
_bspa
_cAR-UNSa-BCEJYS
080 _a657
_xContabilidad
245 1 0 _aTeoría contable. Casos integrales comentados
020 _a978-987-03-3211-4
264 1 _aBuenos Aires :
_bLa Ley
_c2017
300 _a316 p.
_c24 cm.
505 _a1. Los conceptos fundamentales de la contabilidad - 2. La contabilidad patrimonial (financiera) y sus objetivos – 3. Las operaciones, los hechos económicos y las variaciones patrimoniales – 4. Contingencias y hechos posteriores al cierre – 5. Informes contables financieros y de gestión – 6. La contabilidad financiera y los estados contables – 7. La contabilidad de gestión y sus informes – 8. Modelos contables – 9. Normas contables
041 _aspa
942 _cBK
590 _aniveau_biblio:m niveau_hierar:0
100 1 _aPahlen Acuña, Ricardo Jose María
700 1 _aCampo, Ana María
856 4 1 _uhttps://www.biblioeco.unsa.edu.ar/pmb/images/libros/L129213.jpg
_yImagen de portada
_qimage/jpeg
999 _c7022
_d7022